000 00847nam a2200241 a 4500
001 BRL_1176
005 20190320211052.0
008 211113s1977----mx-a######---#000-0#spa-#
041 _aspa
044 _amx
050 4 _aPQ6358.M4
_b.C33 1977
100 1 _aCaballero Palacios, Horacio
_926011
245 1 0 _aEl pensamiento médico en Don Quijote
_cHoracio Caballero Palacios ; Prólogo del Dr. José Miguel Torre.
260 _aSan Luis Potosí, México
_bEditorial de las Manzanas
_c1977
300 _a171 p.
_bil.
_c22 cm.
500 _aAu1341
600 1 4 _aCervantes Saavedra, Miguel de
_d1547-1616
_xConocimiento - Medicina
_926012
600 1 4 _aCervantes Saavedra, Miguel de
_d1547-1616
_tDon Quijote
_926013
650 1 4 _aMedicina en la literatura
_926014
700 1 _aTorre, José Miguel
_epról.
_926015
902 _aGRL
942 _2lcc
_cB
999 _c9988
_d9988